| 000 | 01006nam a2200313 i 4500 | ||
|---|---|---|---|
| 001 | bg | ||
| 100 | 1 |
_aKorobowicz, Artur _d(1938- ). |
|
| 245 | 1 | 0 |
_aHistoria ustroju i prawa polskiego (1772-1918) / _cArtur Korobowicz, Wojciech Witkowski. |
| 250 | _aWyd. 3. | ||
| 260 |
_aKraków : _bKantor Wydawniczy Zakamycze, _c2003. |
||
| 300 |
_a294 s. ; _c24 cm. |
||
| 490 | 1 | _aSeria Akademicka | |
| 500 | _aNa okł. podtyt.: podręcznik. | ||
| 504 | _aBibliogr. | ||
| 650 | 9 |
_aPrawo sądowe _xhistoria _zPolska _y18-20 w. |
|
| 651 | 9 |
_aPolska _xustrój _xhistoria _y18-20 w. |
|
| 655 | _aPodręczniki akademickie | ||
| 700 | 1 |
_aWitkowski, Wojciech _d(1946- ) |
|
| 830 | 0 | _aSeria Akademicka - Zakamycze | |
| 020 | _a8373331468 | ||
| 040 | _cBPK | ||
| 041 | _apol | ||
| 044 | _aPOL | ||
| 080 | _a347.97/.99:321](438)"17/19"(075.8) | ||
| 920 | _a83-7333-146-8 | ||
| 942 | _cKS | ||
| 008 | s pl f |000 0 pol | ||
| 999 |
_c55905 _d55905 |
||
| 856 |
_uhttp://koha.tu.koszalin.pl/cgi-bin/koha/opac-detail.pl?biblionumber=55905 _yKatalog online BPK |
||